Lartigue's Riviera /
Saved in:
| Main Author: | |
|---|---|
| Other Authors: | , |
| Format: | Book |
| Language: | English French |
| Published: |
Paris ; New York :
Flammarion,
c1997.
|
| Subjects: | |
| Tags: |
Add Tag
No Tags, Be the first to tag this record!
|
| LEADER | 01287nam a2200325 a 4500 | ||
|---|---|---|---|
| 001 | 007784334-7 | ||
| 005 | 20020606104010.5 | ||
| 008 | 980506s1997 fr a 000 0 eng d | ||
| 020 | |a 2080136402 | ||
| 035 | 0 | |a ocm37376578 | |
| 035 | 1 | |a MAHA98B1144 | |
| 040 | |a UOK |c UOK |d MH-FA | ||
| 041 | 1 | |a eng |h fre | |
| 043 | |a e-fr--- | ||
| 050 | 1 | 4 | |a DG975.R6 |b L37 1997 |
| 082 | 0 | 4 | |a 779/.99449 |2 21 |
| 100 | 1 | |a Lartigue, Jacques-Henri, |d 1894-1986. | |
| 240 | 1 | 0 | |a Côte d'Azur de Jacques-Henri Lartigue. |l English |
| 245 | 1 | 0 | |a Lartigue's Riviera / |c essay by Mary Blume ; picture selection by Martine d'Astier ; [translation from the French of captions, chronology by Barbara Mellor ; edited by Kate Swainson]. |
| 260 | |a Paris ; |a New York : |b Flammarion, |c c1997. | ||
| 300 | |a 143 p. : |b chiefly ill. (some col.) ; |c 29 cm. | ||
| 600 | 1 | 0 | |a Lartigue, Jacques-Henri, |d 1894-1986. |
| 651 | 0 | |a Riviera (France) |x Pictorial works. | |
| 650 | 0 | |a Photography, Artistic. | |
| 655 | 7 | |a Pictorial works. |2 fast | |
| 700 | 1 | |a Blume, Mary. | |
| 700 | 1 | |a Astier, Martine d'. | |
| 776 | 0 | 8 | |i Online version: |a Lartigue, Jacques-Henri, 1894-1986. |s Côte d'Azur de Jacques-Henri Lartigue. English. |t Lartigue's Riviera. |d Paris ; New York : Flammarion, ©1997 |w (OCoLC)606985841 |
| 988 | |a 20020608 | ||
| 906 | |0 RLIN | ||


